MARC

LEADER 00000nam a2200000Ia 4500
001 22873
008 160829s9999 xx 000 0 cat d
080 |a RF-16-21 
245 |a Colegio Mayor Alfonso XIII 
260 |a Vallvidrera (Barcelona) :  |b Universidad de Barcelona, [190- ?] 
300 |a [8] p. :  |b  il. ;  |c 22 cm 
590 |a Prové de 4190, exp. 61.  
590 |a Hi ha un altre exemplar a la mateixa capsa 
650 |a Colegio Mayor Universitario Alfonso XIII  |9 48601 
710 2 |a Universitat de Barcelona  |9 51297 
856 4 |u https://media.diba.cat/diba/fitxers/arxiu/fulletons/bib_22873_1901_baixa.pdf  |y Accés lliure 
856 4 |u https://media.diba.cat/diba/fitxers/arxiu/fulletons/bib_22873_1901_baixa.pdf  |y Accés lliure 
901 |a Arxiu 
942 |n 1  |2 udc 
952 |0 0  |1 0  |4 0  |6 RF1621  |7 1  |9 54690  |a Arxiu  |b Arxiu  |d 2016-12-01  |l 0  |o RF-16-21  |p 22873  |r 2016-12-01 00:00:00  |w 2016-12-01  |y ARXIU 
999 |c 58559  |d 58559 
900 |a bib_22873_1901_baixa.pdf